| 000 | 00805cam a2200229 a 4500 | ||
|---|---|---|---|
| 001 | 13402920 | ||
| 005 | 20180824031856.0 | ||
| 008 | 031113s2004 enka b 001 0 eng | ||
| 010 | _a 2003064970 | ||
| 020 | _a0195156617 (acidfree paper) | ||
| 040 |
_aDLC _cDLC _dDLC |
||
| 041 | _aeng | ||
| 080 | _a003 | ||
| 082 | 0 | 0 |
_a003 _222 |
| 100 | 1 | _a30 | |
| 101 | _aSHK | ||
| 245 | 1 | 0 |
_aSignals and systems / _cChi-Tsong Chen. |
| 504 | _aIncludes bibliographical references (p. 399-400) and index. | ||
| 906 |
_a7 _bcbc _corignew _d1 _eocip _f20 _gy-gencatlg |
||
| 942 |
_2ddc _cBK |
||
| 999 |
_c47309 _d47309 |
||